000 01226nam a2200229Ia 4500
001 L230-5904
003 IT-CnALBA
008 170116s9999||||xx |||||||||||||| ||und||
040 _aIT-CnALBA
_cIT-CnALBA
041 _aITALIANO
100 _aHAERING BERNHARD, CSSR.
245 0 _aVERSO UNA TEOLOGIA MORALE CRISTIANA.
250 _a1a ed.
260 _aCINISELLO BALSAMO (MI)
_bEDIZIONI PAOLINE
_c1967 [1° Ed.:1967 - Ed.Ling.Originale: 1966]
300 _a220 p. (prefazione: 78)
500 _aELABORAZIONE DELLA TEOLOGIA MORALE. VATICANO II E TEOLOGIA MORALE. ORIENTAMENTO NUOVO DELLA TEOLOGIA MORALE. CRISTOCENTRISMO NELLA MORALE. RINNOVAMENTO LITURGICO E TEOLOGIA MORALE. VITA CRISTIANA. CATTOLICESIMO ESISTENZIALE E PERSONALISMO. PERSONALISMO CR
501 _aSocietà San Paolo EM - Piazza San Paolo, 14 - 12051 ALBA (CN) (non commercial uses only) ® Copyright 2017
520 _aELABORAZIONE DELLA TEOLOGIA MORALE. VATICANO II E TEOLOGIA MORALE. ORIENTAMENTO NUOVO DELLA TEOLOGIA MORALE. CRISTOCENTRISMO NELLA MORALE. RINNOVAMENTO LITURGICO E TEOLOGIA MORALE. VITA CRISTIANA. CATTOLICESIMO ESISTENZIALE E PERSONALISMO. PERSONALISMO CR
650 _aDOGMATICA CRISTIANA
942 _cBK
957 _71
999 _a6881
_bNO
_g Copie: 1
_c265087
_d265087